000 00584nam a2200217 4500
001 33255
010 _a9789722044110
021 _aPT
_b322959/11
090 _a33255
100 _a20210205 frey50
101 _apor
102 _aPT
200 _aCandace perde a cabeça
_fadap. Helena Mayer
_gtrad. Rita Almeida Simões
205 _a1ª. ed.
210 _aAlfragide
_cDom Quixote
_d2011
215 _a109 p.
_cil.
_d21 cm
225 _aPhineas & Ferb
_h3
700 _4010
_94774
_aMayer
_bHelena
702 _4730
_94775
_aSimões
_bRita Almeida
801 _aPT
_gRPC
990 _cLIVROS